000
00238nam a2200097Ia 4500
001
684552
005
20250826161459.0
008
250824s9999 xx 000 0 und d
245
0
_a
Safahat 1
_c
Mehmet Akif Ersoy
260
_b
Dergah Yayınları
999
_c
684552
_d
684552